Разработка небольших установок обжижения природного газа; Нефтегазовые технологии; № 3

Detaylı Bibliyografya
Parent link:Нефтегазовые технологии: научно-технический журнал/ World Oil ; Pipe Line Industry ; Gulf Publishing Company.— , 1994-.— 0202-4578
№ 3.— 2003.— С. 59-61
Yazar: Прайс Б. К.
Diğer Yazarlar: Фалькович М. (переводчик)
Dil:Rusça
Baskı/Yayın Bilgisi: 2003
Seri Bilgileri:Переработка углеводородов
Konular:
Materyal Türü: Kitap Bölümü
KOHA link:https://koha.lib.tpu.ru/cgi-bin/koha/opac-detail.pl?biblionumber=386865

MARC

LEADER 00000naa2a2200000 4500
001 386865
005 20231101063526.0
035 |a (RuTPU)RU\TPU\prd\16037 
090 |a 386865 
100 |a 20030708a2003 k y0rusy50 ca 
101 0 |a rus 
102 |a RU 
200 1 |a Разработка небольших установок обжижения природного газа  |f Б. К. Прайс  |g Пер. М. Фалькович 
225 1 |a Переработка углеводородов 
461 1 |0 (RuTPU)RU\TPU\prd\1175  |x 0202-4578  |t Нефтегазовые технологии  |o научно-технический журнал  |f World Oil ; Pipe Line Industry ; Gulf Publishing Company  |d 1994- 
463 1 |0 (RuTPU)RU\TPU\prd\15771  |t № 3  |v С. 59-61  |d 2003 
610 1 |a проекты 
610 1 |a стоимость 
610 1 |a показатели 
610 1 |a природный газ 
610 1 |a ожижение 
610 1 |a установки 
700 1 |a Прайс  |b Б. К. 
702 1 |a Фалькович  |b М.  |4 730 
801 1 |a RU  |b 63413507  |c 20030708  |g PSBO 
801 2 |a RU  |b 63413507  |c 20120113  |g RCR 
942 |c BK